The Social Life of Anti-Terrorism Laws (Record no. 35267)
[ view plain ]
| 000 -LEADER | |
|---|---|
| fixed length control field | 00519nam a2200121Ia 4500 |
| 008 - FIXED-LENGTH DATA ELEMENTS--GENERAL INFORMATION | |
| fixed length control field | 220620s9999||||xx |||||||||||||| ||und|| |
| 245 #4 - TITLE STATEMENT | |
| Title | The Social Life of Anti-Terrorism Laws |
| Remainder of title | The War on Terror and the Classifications of the »Dangerous Other« |
| 546 ## - LANGUAGE NOTE | |
| Language note | English[eng] |
| 650 ## - SUBJECT ADDED ENTRY--TOPICAL TERM | |
| Topical term or geographic name entry element | Security||Citizenship||Terror||Law||Violence||International Relations||Terrorism||Political Science |
| 700 ## - ADDED ENTRY--PERSONAL NAME | |
| Personal name | Eckert, Julia M. |
| 856 ## - ELECTRONIC LOCATION AND ACCESS | |
| Uniform Resource Identifier | <a href="https://library.oapen.org/bitstream/20.500.12657/22750/1/1007412.pdf">https://library.oapen.org/bitstream/20.500.12657/22750/1/1007412.pdf</a> |
| 942 ## - ADDED ENTRY ELEMENTS (KOHA) | |
| Koha item type | E-Books |
| Withdrawn status | Lost status | Damaged status | Not for loan | Home library | Current library | Date acquired | Total Checkouts | Date last seen | Price effective from | Koha item type |
|---|---|---|---|---|---|---|---|---|---|---|
| Kerala University of Digital Sciences, Innovation and Technology Knowledge Centre | Kerala University of Digital Sciences, Innovation and Technology Knowledge Centre | 20/06/2022 | 20/06/2022 | 20/06/2022 | E-Books |